Southville International School and Colleges
Your cart is empty.
  • Cart
  • Lists
    Public lists Eva Luna New books Lux_list list_1
    Your lists Log in to create your own lists
  • Log in to your account
  • Your cookies
  • Search history
Southville International School and Colleges
  • Advanced search
  • Recent comments
  • Most popular
  • Libraries

Log in to your account

Log in with GOOGLE


If you do not have an external account, but do have a local account, you can still log in:

  1. Home
  2. MARC view: The Old Banjo /
Normal view MARC view ISBD view

The Old Banjo / (Record no. 103188)

[ view plain ]
MARC details
000 -LEADER
fixed length control field 00741nam a2200205 a 4500
005 - DATE AND TIME OF LATEST TRANSACTION
control field 20140412111253.0
008 - FIXED-LENGTH DATA ELEMENTS--GENERAL INFORMATION
fixed length control field 000823s19uu xx 00 eng d
020 ## - INTERNATIONAL STANDARD BOOK NUMBER
International Standard Book Number 0-689-71380-0
050 ## - LIBRARY OF CONGRESS CALL NUMBER
Classification number ER
Item number Ol1 1983
100 ## - MAIN ENTRY--PERSONAL NAME
Personal name Haseley, Dennis
245 ## - TITLE STATEMENT
Title The Old Banjo /
Statement of responsibility, etc by Dennis Haseley ; illustrated by Stephen Gammel.
250 ## - EDITION STATEMENT
Edition statement 1st Aladdin Books Ed.
260 ## - PUBLICATION, DISTRIBUTION, ETC. (IMPRINT)
Place of publication, distribution, etc New York :
Name of publisher, distributor, etc Macmillan Publishing Company,
Date of publication, distribution, etc 1983.
300 ## - PHYSICAL DESCRIPTION
Extent 1 v. (unp.) ; ill.
500 ## - GENERAL NOTE
General note "Aladdin Books."
520 ## - SUMMARY, ETC.
Summary, etc A Hardworking farmer and his son succumb to the enchanment of some very special musical instruments that have been abandoned on their farm.
650 ## - SUBJECT ADDED ENTRY--TOPICAL TERM
Topical term or geographic name as entry element Musical instruments-Fiction
650 ## - SUBJECT ADDED ENTRY--TOPICAL TERM
Topical term or geographic name as entry element Farm life-Fiction
Holdings
Withdrawn status Lost status Damaged status Use restrictions Home library Current library Shelving location Date acquired Source of acquisition Total Checkouts Full call number Barcode Date last seen Price effective from Koha item type
        Elizalde Library Elizalde Library Easy Reading Section 08/23/2000     ER Ol1 1983 E3975 04/12/2014 04/12/2014 Books

The Old Banjo /

APA

Haseley D., . (1983). The Old Banjo. New York: Macmillan Publishing Company.

Chicago

Haseley Dennis, . 1983. The Old Banjo. New York: Macmillan Publishing Company.

Harvard

Haseley D., . (1983). The Old Banjo. New York: Macmillan Publishing Company.

MLA

Haseley Dennis, . The Old Banjo. New York: Macmillan Publishing Company. 1983.

  • Place hold
  • Print
  • Cite
  • Add to your cart (remove)
  • Save record
    BIBTEX Dublin Core MARCXML MARC (non-Unicode/MARC-8) MARC (Unicode/UTF-8) MARC (Unicode/UTF-8, Standard) MODS (XML) RIS
  • More searches
    Search for this title in:
    Other Libraries (WorldCat) Other Databases (Google Scholar) Online Stores (Bookfinder.com) Open Library (openlibrary.org)

Exporting to Dublin Core...

SOUTHVILLE LIBRARY

Southville International School and Colleges Library

1281 Tropical Ave. Cor. Luxembourg St., BF Homes International, Las Pinas City

Tel. No. 8256374 / 252358 Loc. 117/146

Powered by Koha